<?xml version="1.0" encoding="UTF-8"?>
<record
    xmlns:xsi="http://www.w3.org/2001/XMLSchema-instance"
    xsi:schemaLocation="http://www.loc.gov/MARC21/slim http://www.loc.gov/standards/marcxml/schema/MARC21slim.xsd"
    xmlns="http://www.loc.gov/MARC21/slim">

  <leader>00636cam a22002171  4500</leader>
  <controlfield tag="001">agr27000681 </controlfield>
  <controlfield tag="003">DLC</controlfield>
  <controlfield tag="005">20260227110947.0</controlfield>
  <controlfield tag="008">800829s1926    gw a          000 0 ger c</controlfield>
  <datafield tag="010" ind1=" " ind2=" ">
    <subfield code="a">agr27000681 </subfield>
  </datafield>
  <datafield tag="035" ind1=" " ind2=" ">
    <subfield code="a">(OCoLC)6667938</subfield>
  </datafield>
  <datafield tag="040" ind1=" " ind2=" ">
    <subfield code="a">Library, U.S. Dept. of Agriculture</subfield>
    <subfield code="c">OCl</subfield>
    <subfield code="d">DLC</subfield>
  </datafield>
  <datafield tag="042" ind1=" " ind2=" ">
    <subfield code="a">premarc</subfield>
  </datafield>
  <datafield tag="050" ind1="0" ind2="0">
    <subfield code="a">QD98</subfield>
    <subfield code="b">.E5 1926</subfield>
  </datafield>
  <datafield tag="100" ind1="1" ind2=" ">
    <subfield code="a">Emich, Friedrich,</subfield>
    <subfield code="d">1860-</subfield>
  </datafield>
  <datafield tag="245" ind1="0" ind2="0">
    <subfield code="a">Lehrbuch der mikrochemie,</subfield>
    <subfield code="c">von Friedrich Emich.</subfield>
  </datafield>
  <datafield tag="250" ind1=" " ind2=" ">
    <subfield code="a">2., g&#xE4;nz. umgearb. aufl.</subfield>
  </datafield>
  <datafield tag="260" ind1=" " ind2=" ">
    <subfield code="a">M&#xFC;nchen,</subfield>
    <subfield code="b">J.F. Bergmann,</subfield>
    <subfield code="c">1926.</subfield>
  </datafield>
  <datafield tag="300" ind1=" " ind2=" ">
    <subfield code="a">x p., 1 l., 273, [1] p.</subfield>
    <subfield code="b">illus.</subfield>
    <subfield code="c">24 cm.</subfield>
  </datafield>
  <datafield tag="650" ind1=" " ind2="0">
    <subfield code="a">Microchemistry.</subfield>
  </datafield>
  <datafield tag="999" ind1=" " ind2=" ">
    <subfield code="c">9116</subfield>
    <subfield code="d">9116</subfield>
  </datafield>
</record>
